|
|
|
|
| LEADER |
00000nam a22000007a 4500 |
| 005 |
20220504220930.0 |
| 007 |
cr|||| |||| |
| 008 |
220504s2021 br |||||s|||| 00||0 por d |
| 020 |
|
|
|a 978-65-86060-26-3
|
| 035 |
|
|
|a 36277
|
| 040 |
|
|
|a vLex
|
| 090 |
|
|
|c 13283
|d 13283
|
| 100 |
1 |
|
|a Hartmann A., Ivar
|
| 245 |
1 |
0 |
|a Panorama do direito empresarial no superior tribunal de justiȧ
|c Ivar Hartmann A., Joô Manoel de Lima Junior, Thas̕e Zacchi Pimentel, Jose Luis Nunes
|h [Recurso electrn̤ico] /
|
| 256 |
|
|
|a Servicio en ln̕ea
|
| 260 |
|
|
|a Rio de Janeiro:
|b FGV - Direito Rio,
|c 2021
|
| 300 |
|
|
|a 1 recurso electrn̤ico
|
| 506 |
1 |
|
|a Disponible solo en los productos indicados
|d vLex Global
|d vLex Global (Academic Edition, excluding Law Schools)
|d vLex Global (U.S. Academic Edition, Law Schools)
|d vLex Global (U.S. Academic Edition, excluding Law Schools)
|d vLex Global (Academic Edition, Law Schools)
|
| 650 |
0 |
4 |
|a Derecho de las Empresas
|z Brasil
|
| 700 |
1 |
|
|a de Lima Junior, Joô Manoel
|
| 700 |
1 |
|
|a Zacchi Pimentel, Thas̕e
|
| 700 |
1 |
|
|a Nunes, Jose Luis
|
| 740 |
0 |
|
|a vLex Libros (Servicio en ln̕ea)
|
| 856 |
4 |
0 |
|u https://app.vlex.com/#/sources/36277
|z Acceso restringido
|
| 942 |
|
|
|c BOOK
|
| 999 |
0 |
|
|a Business Law
|